[Event "1. liga V 24/25"]
[Site ""]
[Date "2025.01.19"]
[Round "6.2"]
[White "Kociscak, Jiri"]
[Black "Slovak, Kilian"]
[Result "1-0"]
[WhiteFideId "322121"]
[BlackFideId "365440"]
[WhiteElo "2475"]
[BlackElo "2295"]
[PlyCount "0"]
[WhiteTeam "Moravska Slavia Brno B"]
[BlackTeam "Sachy Hostalkova"]
[EventDate "2024.10.20"]

1. d4 Nf6 2. c4 g6 3. Nf3 Bg7 4. g3 O-O 5. Bg2 d6 6. O-O c6 7. Nc3 a6 8. e4
Bg4 9. h3 Bxf3 10. Bxf3 Nfd7 11. Be3 c5 12. dxc5 dxc5 13. e5 Nxe5 14. Bxb7 Ra7
15. Qxd8 Rxd8 16. Bd5 e6 17. Bxc5 Rad7 18. Bg2 Nxc4 19. Rac1 Nxb2 20. Bb6 Nd3
21. Bxd8 Nxc1 22. Bg5 Bxc3 23. Rxc1 Be5 24. f4 Bd4+ 25. Kf1 Kg7 26. Rc8 f6 27.
Bh4 Ba7 28. g4 a5 29. Be1 a4 30. Bc3 Na6 31. Bc6 Rc7 32. Rxc7+ Nxc7 33. Bxa4
Nd5 34. Bd2 Bb8 35. f5 gxf5 36. gxf5 exf5 37. Bd7 f4 38. a4 Nb6 39. Bb5 Nxa4
40. Bxa4 h6 41. Bc2 Bc7 42. Ke2 Bd6 43. Kf3 Bc7 44. Be4 Bd6 45. Kg4 Kf7 46.
Kf5 Be5 47. Bf3 Bc7 48. Bh5+ Kg7 49. Bb4 Be5 50. Be7 Bc3 51. Kxf4 Bd2+ 52. Kf5
Bg5 53. Bc5 Kh7 54. Bd4 Kg7 55. Bc3 Bh4 56. Kg4 Bf2 57. Bd2 Bc5 58. Be8 Bf8
59. Kh5 Kh7 60. Bd7 Bg7 61. Bf5+ Kh8 62. Kg6 Kg8 63. h4 Bf8 64. h5 Bg7 65.
Be6+ Kh8 66. Bc3 1-0

[Event "1. liga V 24/25"]
[Site ""]
[Date "2025.01.19"]
[Round "6.3"]
[White "Bouska, Jiri"]
[Black "Zeman, Matyas"]
[Result "1/2-1/2"]
[WhiteFideId "23722223"]
[BlackFideId "364398"]
[WhiteElo "2267"]
[BlackElo "2317"]
[PlyCount "0"]
[WhiteTeam "Sachy Hostalkova"]
[BlackTeam "Moravska Slavia Brno B"]
[EventDate "2024.10.20"]

1. e4 e6 2. d4 d5 3. exd5 exd5 4. Nf3 Nf6 5. Bd3 c5 6. O-O c4 7. Re1+ Be7 8.
Bf1 O-O 9. b3 cxb3 10. axb3 Bf5 11. Ne5 Nc6 12. Nxc6 bxc6 13. Bd3 Bg4 14. f3
Be6 15. Ba3 Bxa3 16. Rxa3 Qb6 17. Kh1 c5 18. Ra6 Qc7 19. dxc5 Qxc5 20. Qd2
Rfe8 21. Nc3 Bd7 22. Rea1 Rac8 23. Rxf6 gxf6 24. Nxd5 Kg7 25. Be4 Be6 26. Ra5
Qd6 27. c4 Rcd8 28. g4 Qe5 29. Rxa7 Ra8 30. Rxa8 Rxa8 31. Ne3 Qa1+ 32. Kg2 Ra2
33. Bc2 Qe5 34. Qd3 Kf8 35. Qd8+ Kg7 36. Qd3 Kf8 37. Qd8+ Kg7 38. Qd3 h5 39.
h4 hxg4 40. fxg4 Qf4 41. c5 Ra5 42. Qc3 Bxg4 43. Nd5 Rxc5 44. Qxc5 Qf3+ 45.
Kg1 Qg3+ 46. Kf1 Qf3+ 47. Kg1 1/2-1/2

[Event "1. liga V 24/25"]
[Site ""]
[Date "2025.01.19"]
[Round "6.4"]
[White "Bures, Vit"]
[Black "Gnida, Patrik"]
[Result "1/2-1/2"]
[WhiteFideId "309052"]
[BlackFideId "351660"]
[WhiteElo "2177"]
[BlackElo "2227"]
[PlyCount "0"]
[WhiteTeam "Moravska Slavia Brno B"]
[BlackTeam "Sachy Hostalkova"]
[EventDate "2024.10.20"]

1. d4 Nf6 2. c4 c5 3. d5 b5 4. cxb5 a6 5. bxa6 g6 6. Nc3 Bxa6 7. e4 Bxf1 8.
Kxf1 d6 9. g3 Bg7 10. Kg2 O-O 11. Nf3 Qb6 12. a4 Nbd7 13. Qe2 Rfb8 14. Nb5 Ne8
15. Bg5 Kf8 16. Rhb1 Nc7 17. Nxc7 Qxc7 18. Qc2 Qb6 19. Ra3 Qa6 20. a5 Rb4 21.
Bd2 Qe2 22. Re3 Qc4 23. Qxc4 Rxc4 24. b4 cxb4 25. Rxb4 Rc2 26. Be1 Ra2 27. Rb5
Bf6 28. g4 g5 29. h3 Kg7 30. Kf1 h5 31. gxh5 Kh6 32. Bd2 Kxh5 33. Ke2 Rc8 34.
Rbb3 Rc4 35. Ra3 Ra4 36. Rxa2 Rxa2 1/2-1/2

[Event "1. liga V 24/25"]
[Site ""]
[Date "2025.01.19"]
[Round "6.5"]
[White "Warchol, Kamil"]
[Black "Kupsa, Matej"]
[Result "1-0"]
[WhiteFideId "21858241"]
[BlackFideId "374040"]
[WhiteElo "2104"]
[BlackElo "2138"]
[PlyCount "0"]
[WhiteTeam "Sachy Hostalkova"]
[BlackTeam "Moravska Slavia Brno B"]
[EventDate "2024.10.20"]

1. e4 e5 2. Nf3 Nf6 3. Nxe5 d6 4. Nf3 Nxe4 5. d4 d5 6. Bd3 Bd6 7. O-O O-O 8.
c4 c6 9. Re1 Re8 10. Nc3 Nxc3 11. Rxe8+ Qxe8 12. bxc3 dxc4 13. Bxc4 Be6 14.
Bd3 h6 15. Qe2 Nd7 16. h3 Bd5 17. Be3 Nf6 18. Nd2 b5 19. a4 a6 20. c4 bxc4 21.
Nxc4 Bc7 22. a5 Ne4 23. Qc2 Nd6 24. Bf4 Nxc4 25. Bxc7 Qe7 26. Bg3 Na3 27. Qc5
Qxc5 28. dxc5 Nb5 29. Re1 Kf8 30. Bd6+ Nxd6 31. cxd6 c5 32. Re5 c4 33. Rxd5
cxd3 34. Rxd3 Rd8 35. Kf1 f6 36. f4 f5 37. Rd5 g6 38. g4 fxg4 39. hxg4 Ke8 40.
Re5+ Kd7 41. Re7+ Kxd6 42. Ra7 Rf8 43. Rxa6+ Ke7 44. Rxg6 Rxf4+ 45. Ke2 Ra4
46. a6 Kf7 47. Rxh6 Kg7 48. g5 Ra5 49. Kd3 Rxg5 50. Rb6 Kf7 51. Kc4 Ke7 52. a7
Ra5 53. Rh6 1-0

[Event "1. liga V 24/25"]
[Site ""]
[Date "2025.01.19"]
[Round "6.6"]
[White "Skacelik, Petr"]
[Black "Bednarik, Josef"]
[Result "1-0"]
[WhiteFideId "307904"]
[BlackFideId "359017"]
[WhiteElo "2105"]
[BlackElo "2060"]
[PlyCount "0"]
[WhiteTeam "Moravska Slavia Brno B"]
[BlackTeam "Sachy Hostalkova"]
[EventDate "2024.10.20"]

1. d4 Nf6 2. c4 e6 3. Nc3 d5 4. Bg5 Be7 5. e3 O-O 6. Nf3 Nbd7 7. Rc1 Re8 8.
Bd3 a6 9. a4 dxc4 10. Bxc4 c5 11. O-O Nb6 12. Bb3 cxd4 13. Nxd4 e5 14. Nf3
Qxd1 15. Rfxd1 h6 16. Bh4 Nbd7 17. Bxf6 Bxf6 18. Nd5 Rb8 19. Nd2 e4 20. Nc4
Be5 21. a5 Nc5 22. Bc2 Bf5 23. f3 Kf8 24. b4 Nd7 25. f4 Bg4 26. Rd2 Bf6 27.
Nd6 Re6 28. Nxe4 Rc8 29. Re1 Rxc2 30. Rxc2 Rxe4 31. h3 Bf5 32. g4 Bh7 33. Rc7
Nb8 34. Rxb7 Nc6 35. Rc1 Re6 36. f5 Rd6 37. Nxf6 gxf6 38. Rb6 1-0

[Event "1. liga V 24/25"]
[Site ""]
[Date "2025.01.19"]
[Round "6.7"]
[White "Krejca, Jakub"]
[Black "Kredl, Karel"]
[Result "1-0"]
[WhiteFideId "365777"]
[BlackFideId "315893"]
[WhiteElo "2100"]
[BlackElo "2046"]
[PlyCount "0"]
[WhiteTeam "Sachy Hostalkova"]
[BlackTeam "Moravska Slavia Brno B"]
[EventDate "2024.10.20"]

1. e4 c5 2. Nf3 d6 3. d4 cxd4 4. Nxd4 Nf6 5. Nc3 Nc6 6. f3 e5 7. Nb3 Be6 8.
Be3 Be7 9. Qd2 O-O 10. O-O-O a5 11. Bb5 Na7 12. Bxa7 Rxa7 13. Qf2 Ra8 14. Na4
Bd7 15. Qe2 Qc7 16. Kb1 Bc6 17. Qc4 Rfc8 18. Bxc6 bxc6 19. g4 Nd7 20. Rhf1
Rcb8 21. a3 g5 22. Rd3 Nb6 23. Nxb6 Qxb6 24. Qc3 Qb5 25. Rfd1 Rd8 26. Nd2 Bf6
27. Qc4 Qb7 28. Rb3 Qc7 29. Nf1 Rab8 30. Ne3 Rxb3 31. Qxb3 Rb8 32. Qc3 Be7 33.
Nd5 Qb7 34. Nxe7+ Qxe7 35. Qxc6 Rd8 36. Rd3 Qf6 37. a4 Qf4 38. Rxd6 Rxd6 39.
Qxd6 Qxf3 40. Qd8+ Kg7 41. Qxg5+ Kf8 42. Qd8+ Kg7 43. Qd5 f6 44. g5 fxg5 45.
Qxe5+ Kh6 46. b3 Qd1+ 47. Kb2 Qd2 48. Qe6+ Kg7 49. Qe7+ Kg6 50. Qe6+ Kh5 51.
Qh3+ Kg6 52. Qf5+ Kh6 53. Qh3+ Kg6 54. Qf5+ Kh6 55. e5 Qxh2 56. e6 Qe2 57.
Qf6+ Kh5 58. e7 1-0

[Event "1. liga V 24/25"]
[Site ""]
[Date "2025.01.19"]
[Round "6.8"]
[White "Vavra, Michal"]
[Black "Kafka, Ales"]
[Result "1-0"]
[WhiteFideId "306398"]
[BlackFideId "23750235"]
[WhiteElo "1996"]
[BlackElo "1706"]
[PlyCount "0"]
[WhiteTeam "Moravska Slavia Brno B"]
[BlackTeam "Sachy Hostalkova"]
[EventDate "2024.10.20"]

1. d4 d5 2. c4 dxc4 3. e3 e5 4. Bxc4 exd4 5. exd4 Bd6 6. Nf3 Nf6 7. O-O O-O 8.
Nc3 Bg4 9. Be2 h6 10. Qb3 Qc8 11. Nb5 Ne4 12. Be3 a6 13. Nxd6 Nxd6 14. Rac1
Nc6 15. d5 Ne5 16. Bf4 Nxf3+ 17. gxf3 Bh3 18. Bxd6 Qd8 19. Bg3 Bxf1 20. Bxf1
Qg5 21. Rxc7 h5 22. h4 Qf6 23. d6 Rae8 24. Kg2 Re1 25. Bd3 Rfe8 26. Qc3 Qe6
27. Bc4 1-0

[Event "1. liga V 24/25"]
[Site ""]
[Date "2025.01.19"]
[Round "6.1"]
[White "Svanda, Ondrej"]
[Black "Blahynka, Martin"]
[Result "1-0"]
[WhiteFideId "359670"]
[BlackFideId "334766"]
[WhiteElo "2379"]
[BlackElo "2382"]
[PlyCount "0"]
[WhiteTeam "SK Stare Mesto"]
[BlackTeam "Duras Charlie's Street Brno"]
[EventDate "2024.10.20"]

1. e4 c5 2. Nf3 d6 3. d4 cxd4 4. Nxd4 Nf6 5. Nc3 a6 6. Be3 Qc7 7. f3 h5 8. Qd2 e6 
9. Be2 Nbd7 10. a4 b6 11. O-O Bb7 12. Rad1 Rc8 13. Rfe1 Ne5 14. Bf1 Nc4 15. Bxc4 
Qxc4 16. Qf2 Qc7 17. Rd2 Be7 18. Red1 Nd7 19. Nde2 h4 20. f4 Nc5 21. f5 Nxe4 
22. Nxe4 Bxe4 23. fxe6 O-O 24. Qf4 Qb7 25. Nc3 Rxc3 26. bxc3 fxe6 27. Qg4 Rf6 
28. Rf2 Rg6 29. Qe2 h3 30. g3 Bf5 31. Rb1 Bd8 32. Rb4 Qd5 33. Bxb6 Bxb6 34. Rxb6 
Bg4 35. Qd3 Qg5 36. Rb8+ Kh7 37. Rff8 Qc1+ 38. Kf2 Kh6 39. Qe3+ Qxe3+ 40. Kxe3 
Rg5 41. Rf4 e5 42. Rff8 1-0

[Event "1. liga V 24/25"]
[Site ""]
[Date "2025.01.19"]
[Round "6.2"]
[White "Vyskocil, Neklan"]
[Black "Skalsky, Alexandr"]
[Result "1-0"]
[WhiteFideId "307106"]
[BlackFideId "381799"]
[WhiteElo "2260"]
[BlackElo "2133"]
[PlyCount "0"]
[WhiteTeam "Duras Charlie's Street Brno"]
[BlackTeam "SK Stare Mesto"]
[EventDate "2024.10.20"]

1. d4 g6 2. e4 Bg7 3. Nc3 d6 4. g3 Nf6 5. Bg2 O-O 6. Nge2 Na6 7. O-O c5 8. d5 Rb8 
9. a4 Nc7 10. f4 Bg4 11. h3 Bxe2 12. Qxe2 Nd7 13. h4 a6 14. h5 b5 15. Bf3 e6 
16. axb5 axb5 17. dxe6 Nxe6 18. Nxb5 c4 19. Nc3 Nd4 20. Qd1 Re8 21. Bg2 gxh5 
22. Be3 Nf5 23. Bf2 Nh6 24. Qxd6 Nf6 25. Qxd8 Rexd8 26. Rfd1 Rxd1+ 27. Rxd1 Nfg4 
28. Ba7 Ra8 29. Bc5 Rc8 30. Bb6 Rb8 31. Bc7 Rc8 32. Nd5 Bf8 33. Bb6 Kh8 34. Ne3 
Nxe3 35. Bxe3 Ng4 36. Bd4+ Bg7 37. e5 Rd8 38. c3 Ne3 39. Ra1 Nc2 40. Ra8 Rxa8 
41. Bxa8 h4 42. Kh2 hxg3+ 43. Kxg3 Nxd4 44. cxd4 Bf8 45. Bd5 c3 46. bxc3 Ba3 
47. Bxf7 Bb2 48. d5 Bxc3 49. Kg4 Kg7 50. Bh5 Kh6 51. Be8 Kg7 52. Kf5 Kf8 53. Bc6 
h5 54. Ke6 Bb4 55. Kd7 1-0

[Event "1. liga V 24/25"]
[Site ""]
[Date "2025.01.19"]
[Round "6.3"]
[White "Babula, Matej"]
[Black "Zpevak, Pavel"]
[Result "1/2-1/2"]
[WhiteFideId "398322"]
[BlackFideId "300586"]
[WhiteElo "2094"]
[BlackElo "2277"]
[PlyCount "0"]
[WhiteTeam "SK Stare Mesto"]
[BlackTeam "Duras Charlie's Street Brno"]
[EventDate "2024.10.20"]

1.e4 c5 2.Nf3 e6 3.d4 cxd4 4.Nxd4 a6 5.Bd3 g6 6.c4 Bg7 7.Be3 Nf6 8.Nc3 d6 
9.O-O O-O 10.f3 Nbd7 11.Qd2 Qc7 12.Rac1 b6 13.Kh1 Bb7 14.Bh6 Rac8 15.Bxg7 
Kxg7 16.Be2 Rfd8 17.Nc2 Qb8 18.Ne3 Bc6 19.Qd4 Nc5 20.b4 a5 21.Ncd5 Bxd5 
22.cxd5 e5 23.Qb2 axb4 24.Qxb4 Qc7 25.Bb5 Ng8 26.Rb1 Qa7 27.Rf2 Ne7 28.Bf1
Rb8 29.Nc4 f5 30.exf5 1/2-1/2

[Event "1. liga V 24/25"]
[Site ""]
[Date "2025.01.19"]
[Round "6.4"]
[White "Chytilek, Roman"]
[Black "Cagasik, Tomas"]
[Result "1/2-1/2"]
[WhiteFideId "304980"]
[BlackFideId "316865"]
[WhiteElo "2303"]
[BlackElo "2166"]
[PlyCount "0"]
[WhiteTeam "Duras Charlie's Street Brno"]
[BlackTeam "SK Stare Mesto"]
[EventDate "2024.10.20"]

1. d4 d6 2. g3 Nf6 3. Bg2 c6 4. Nf3 h6 5. b3 Bf5 6. Bb2 e6 7. Nbd2 Be7 8. h3 Nbd7 
9. e3 Qc7 10. Rc1 d5 11. Ne5 Nxe5 12. dxe5 Nd7 13. O-O O-O 14. f4 Bb4 15. g4 Bh7 
16. Nf3 Be4 17. Nd4 Bxg2 18. Kxg2 Bc5 19. Qf3 Bxd4 20. Bxd4 f6 21. exf6 Nxf6 
22. Bxf6 1/2-1/2

[Event "1. liga V 24/25"]
[Site ""]
[Date "2025.01.19"]
[Round "6.5"]
[White "Vrana, Frantisek"]
[Black "Tajovsky, Martin"]
[Result "1/2-1/2"]
[WhiteFideId "302066"]
[BlackFideId "324116"]
[WhiteElo "2111"]
[BlackElo "2194"]
[PlyCount "0"]
[WhiteTeam "SK Stare Mesto"]
[BlackTeam "Duras Charlie's Street Brno"]
[EventDate "2024.10.20"]

1. e4 c5 2. Nf3 Nc6 3. Nc3 g6 4. d4 cxd4 5. Nxd4 Bg7 6. Nde2 Nf6 7. g3 O-O
8. Bg2 d6 9. O-O Bd7 10. Nd5 Rc8 11. a4 a5 12. h3 Nxd5 13. exd5 Nb4 14. c3
Na6 15. Be3 Nc5 16. Bd4 b5 17. Bxg7 Kxg7 18. axb5 Bxb5 19. c4 Bd7 20. b3
Qb6 21. Nc1 Rfe8 22. Re1 Qb4 23. Re3 Rb8 24. h4 a4 25. Qd4+ Kg8 26. bxa4
Nxa4 27. Qf4 Qb2 28. Rea3 Nc5 29. Ra7 Rb7 30. Ra8 Rxa8 31. Rxa8+ Rb8 32.
Rxb8+ Qxb8 33. h5 Qb1 34. hxg6 hxg6 35. Bf1 Bf5 36. Qe3 Qc2 37. Be2 Qe4 
38. Qxe4 Bxe4 39. f3 Bb1 40. Kf2 Kg7 41. Ke3 Kf6 42. Kd4 g5 43. Bf1 Kf5 
44. Bh3+ Kf6 45. Bf1 1/2-1/2

[Event "1. liga V 24/25"]
[Site ""]
[Date "2025.01.19"]
[Round "6.6"]
[White "Jires, Jiri"]
[Black "Stuchly, Ondrej"]
[Result "1-0"]
[WhiteFideId "365718"]
[BlackFideId "350664"]
[WhiteElo "2150"]
[BlackElo "2089"]
[PlyCount "0"]
[WhiteTeam "Duras Charlie's Street Brno"]
[BlackTeam "SK Stare Mesto"]
[EventDate "2024.10.20"]

1. e4 e6 2. d4 d5 3. Bd3 c5 4. exd5 exd5 5. Nf3 Bd6 6. dxc5 Bxc5 7. O-O Ne7
8. Nbd2 Bg4 9. c3 Nbc6 10. Re1 Qb6 11. Qe2 O-O-O 12. Nb3 Bd6 13. h3 Bh5 14. Be3 
Qc7 15. Nbd4 Nxd4 16. Bxd4 Nc6 17. Bxg7 Rhg8 18. Bf5+ Kb8 19. Bf6 Ne5
20. Bxe5 Bxf3 21. Qxf3 Bxe5 22. Rad1 d4 23. cxd4 Bxd4 24. Be4 Rd6 25. Rc1
Qb6 26. Qxf7 Rgd8 27. Qf4 Ka8 28. Re2 Rf6 29. Qh4 Rdf8 30. Bf3 Bxb2 31. Rb1
Rxf3 32. Rexb2 R3f4 33. Rxb6 Rxh4 34. Rxb7 1-0

[Event "1. liga V 24/25"]
[Site ""]
[Date "2025.01.19"]
[Round "6.7"]
[White "Horsak, Jan"]
[Black "Glozar, Petr"]
[Result "0-1"]
[WhiteFideId "327573"]
[BlackFideId "374504"]
[WhiteElo "2025"]
[BlackElo "2155"]
[PlyCount "0"]
[WhiteTeam "SK Stare Mesto"]
[BlackTeam "Duras Charlie's Street Brno"]
[EventDate "2024.10.20"]

1. c4 Nf6 2. g3 e6 3. Bg2 c5 4. Nf3 Nc6 5. O-O Be7 6. d4 cxd4 7. Nxd4 O-O
8. Nc3 a6 9. a3 Qc7 10. b3 b6 11. Bb2 Bb7 12. Rc1 Rac8 13. Na4 Nxd4 14.
Qxd4 Bxg2 15. Kxg2 Qb7+ 16. Kg1 Rc6 17. b4 b5 18. cxb5 Qxb5 19. Rxc6 Qxc6
20. Nb6 e5 21. Qxe5 Bd8 22. Nxd7 Qxd7 23. e3 Re8 24. Qf4 Ne4 25. Rc1 g5 0-1

[Event "1. liga V 24/25, Duras-Chotebor"]
[Site ""]
[Date "2025.02.02"]
[Round "7.1"]
[White "Blahynka, Martin"]
[Black "Brozka, Karel"]
[Result "0-1"]
[WhiteFideId "334766"]
[BlackFideId "398705"]
[WhiteElo "2377"]
[BlackElo "2277"]
[PlyCount "0"]
[WhiteTeam "Duras Charlie's Street Brno"]
[BlackTeam "TJ CHS Chotebor"]
[EventDate "2024.10.20"]

1. e4 c6 2. Nf3 d5 3. d3 Bg4 4. h3 Bxf3 5. Qxf3 e6 6. g3 Nd7 7. Bg2 Ngf6 8. O-O
Bc5 9. Nd2 O-O 10. Qe2 dxe4 11. dxe4 e5 12. Nc4 Re8 13. a4 b5 14. axb5 cxb5 15.
Na5 Qb6 16. Bd2 b4 17. Nc4 Qc7 18. Ra4 Nb6 19. Nxb6 Qxb6 20. Ra6 Qc7 21. Rc1
Nd7 22. Bf1 Red8 23. Qb5 Nb8 24. Bg5 Nxa6 25. Bxd8 Qxd8 26. Bd3 Qd4 27. Qxa6
Qxf2+ 28. Kh1 Qxg3 0-1

[Event "1. liga V 24/25, Duras-Chotebor"]
[Site ""]
[Date "2025.02.02"]
[Round "7.2"]
[White "Vesely, Vitek"]
[Black "Vyskocil, Neklan"]
[Result "1/2-1/2"]
[WhiteFideId "348880"]
[BlackFideId "307106"]
[WhiteElo "2180"]
[BlackElo "2270"]
[PlyCount "0"]
[WhiteTeam "TJ CHS Chotebor"]
[BlackTeam "Duras Charlie's Street Brno"]
[EventDate "2024.10.20"]

1. d4 d5 2. c4 e6 3. Nf3 Nf6 4. e3 Be7 5. b3 O-O 6. Bd3 b6 7. O-O Bb7 8. Bb2
Nbd7 9. Nc3 Ne4 10. Rc1 Ndf6 11. Qe2 Nxc3 12. Bxc3 Ba3 13. Rb1 a5 14. Rfd1 Qe7
15. Ne5 Rfd8 16. Bb2 Bxb2 17. Qxb2 Nd7 18. Nxd7 Rxd7 19. Rbc1 dxc4 20. bxc4 e5
21. dxe5 Rad8 22. Be2 Qg5 23. g3 Qf5 24. Qc3 h5 25. Rxd7 Rxd7 26. f3 Re7 27.
Rd1 Qxe5 28. Rd8+ Kh7 29. Qxe5 Rxe5 30. Rd7 Rxe3 31. Kf2 Ra3 32. Rxc7 Ba6 33.
Ra7 Bc8 34. Rxf7 Rxa2 35. Rc7 Bf5 36. Ke3 a4 37. Ra7 a3 38. h4 Ra1 39. Ra6 a2
40. Kf4 Bc2 41. c5 bxc5 42. Bc4 Bg6 43. Rxa2 Rxa2 44. Bxa2 Bd3 45. Ke5 Kg6 46.
Kd5 Be2 47. Kxc5 Bxf3 48. Kd4 Kf5 49. Ke3 Bc6 1/2-1/2

[Event "1. liga V 24/25, Duras-Chotebor"]
[Site ""]
[Date "2025.02.02"]
[Round "7.3"]
[White "Zpevak, Pavel"]
[Black "Jun, Rudolf"]
[Result "1/2-1/2"]
[WhiteFideId "300586"]
[BlackFideId "376612"]
[WhiteElo "2267"]
[BlackElo "2229"]
[PlyCount "0"]
[WhiteTeam "Duras Charlie's Street Brno"]
[BlackTeam "TJ CHS Chotebor"]
[EventDate "2024.10.20"]

1. c4 c5 2. Nc3 Nc6 3. g3 g6 4. Bg2 Bg7 5. Nf3 Nf6 6. O-O d5 7. cxd5 Nxd5 8. d4
O-O 9. Nxd5 Qxd5 10. Be3 Bf5 11. Qa4 Be4 12. dxc5 b5 13. cxb6 axb6 14. Qb3 Qxb3
1/2-1/2

[Event "1. liga V 24/25, Duras-Chotebor"]
[Site ""]
[Date "2025.02.02"]
[Round "7.4"]
[White "Lang, Simon"]
[Black "Chytilek, Roman"]
[Result "1/2-1/2"]
[WhiteFideId "23712449"]
[BlackFideId "304980"]
[WhiteElo "2207"]
[BlackElo "2301"]
[PlyCount "0"]
[WhiteTeam "TJ CHS Chotebor"]
[BlackTeam "Duras Charlie's Street Brno"]
[EventDate "2024.10.20"]

1. e4 d6 2. d4 Nf6 3. Nc3 g6 4. g3 Bg7 5. Bg2 O-O 6. Nge2 e5 7. O-O c6 8. a4
Nbd7 9. h3 Re8 10. Be3 exd4 11. Bxd4 Qe7 12. g4 h5 13. g5 Nh7 14. Bxg7 Kxg7 15.
f4 f6 16. h4 Ndf8 17. Qd4 Bg4 18. Rae1 Ne6 19. Qe3 Bxe2 20. Rxe2 fxg5 21. hxg5
Rf8 22. Ref2 Qc7 23. Bh3 Rae8 24. Bxe6 Rxe6 25. Qd4+ Kg8 26. Qc4 Qf7 27. f5
Ree8 28. Qd3 Qe7 29. Rg2 a6 30. Qg3 Qe5 31. fxg6 Rxf1+ 32. Kxf1 Nf8 33. Qf3
Nxg6 34. Rf2 Rf8 35. Qxh5 Rxf2+ 36. Kxf2 Nf4 37. Qg4 Ne6 38. Ke2 b5 39. axb5
axb5 40. Kd2 b4 41. Ne2 Nxg5 42. Nf4 c5 43. Kc1 Qg7 44. Qf5 Nf7 45. Qc8+ Kh7
46. Qf5+ Kg8 47. Qc8+ Kh7 48. Qf5+ 1/2-1/2

[Event "1. liga V 24/25, Duras-Chotebor"]
[Site ""]
[Date "2025.02.02"]
[Round "7.5"]
[White "Vadila, Ondrej"]
[Black "Ondracek, Ondrej"]
[Result "1/2-1/2"]
[WhiteFideId "14944642"]
[BlackFideId "325708"]
[WhiteElo "2176"]
[BlackElo "2093"]
[PlyCount "0"]
[WhiteTeam "Duras Charlie's Street Brno"]
[BlackTeam "TJ CHS Chotebor"]
[EventDate "2024.10.20"]

1. d4 d5 2. Bf4 Nf6 3. e3 c5 4. c3 Nc6 5. Nd2 e6 6. Ngf3 Bd6 7. Bg3 Qe7 8. Ne5
Bxe5 9. dxe5 Nd7 10. Nf3 f5 11. exf6 Nxf6 12. Ne5 Nxe5 13. Bxe5 Bd7 14. Bd3 Bc6
15. Qe2 c4 16. Bc2 b5 17. O-O O-O 18. Rad1 Rad8 19. Rd4 g6 20. Rfd1 Rf7 21. e4
Re8 22. Bxf6 Qxf6 23. e5 Qe7 24. Rg4 Ref8 25. f3 Rg7 26. Qd2 g5 27. Qe3 Be8 28.
Rdd4 Bg6 29. Bxg6 Rxg6 30. h4 Rf5 31. hxg5 Rfxg5 32. Rxg5 Rxg5 33. Rg4 Rxg4
1/2-1/2

[Event "1. liga V 24/25, Duras-Chotebor"]
[Site ""]
[Date "2025.02.02"]
[Round "7.6"]
[White "Karasek, Lukas"]
[Black "Glozar, Petr"]
[Result "1/2-1/2"]
[WhiteFideId "325031"]
[BlackFideId "374504"]
[WhiteElo "2212"]
[BlackElo "2161"]
[PlyCount "0"]
[WhiteTeam "TJ CHS Chotebor"]
[BlackTeam "Duras Charlie's Street Brno"]
[EventDate "2024.10.20"]

1. Nf3 Nf6 2. c4 e6 3. g3 b6 4. Bg2 Bb7 5. O-O c5 6. Nc3 Be7 7. d4 cxd4 8. Qxd4
d6 9. Bg5 h6 10. Bxf6 Bxf6 11. Qf4 Bxc3 12. bxc3 O-O 13. Rfd1 Na6 14. Rxd6 Qc7
15. Rad1 Rad8 16. Rxd8 Rxd8 17. Rxd8+ Qxd8 18. Nd4 Bxg2 19. Kxg2 Qe7 20. Nb5 e5
21. Qe4 Nc5 22. Qa8+ Kh7 23. Nxa7 Qd7 24. Nc6 f6 25. Nb4 e4 26. Nd5 h5 27. h3
h4 28. Qb8 hxg3 29. fxg3 Ne6 30. h4 Qc6 31. Qxb6 Qxc4 32. Qxe6 Qxe2+ 33. Kg1
Qe1+ 34. Kh2 Qf2+ 35. Kh3 Qf1+ 36. Kh2 Qf2+ 37. Kh3 Qf1+ 38. Kh2 1/2-1/2

[Event "1. liga V 24/25, Duras-Chotebor"]
[Site ""]
[Date "2025.02.02"]
[Round "7.7"]
[White "Novy, Martin"]
[Black "Tuma, Jiri"]
[Result "1/2-1/2"]
[WhiteFideId "325155"]
[BlackFideId "318337"]
[WhiteElo "2081"]
[BlackElo "2269"]
[PlyCount "0"]
[WhiteTeam "Duras Charlie's Street Brno"]
[BlackTeam "TJ CHS Chotebor"]
[EventDate "2024.10.20"]

1. e4 c5 2. Nf3 Nc6 3. d4 cxd4 4. Nxd4 Nf6 5. Nc3 e5 6. Ndb5 d6 7. a4 a6 8. Na3
Bg4 9. Be2 Bxe2 10. Qxe2 d5 11. exd5 Nxd5 12. Nxd5 Qxd5 13. O-O Be7 14. Be3 O-O
15. Nc4 Qe4 16. c3 Rad8 17. f3 Qg6 18. Rad1 h5 1/2-1/2

[Event "1. liga V 24/25, Duras-Chotebor"]
[Site ""]
[Date "2025.02.02"]
[Round "7.8"]
[White "Vala, Filip"]
[Black "Tajovsky, Matej"]
[Result "0-1"]
[WhiteFideId "325490"]
[BlackFideId "384780"]
[WhiteElo "2115"]
[BlackElo "2062"]
[PlyCount "0"]
[WhiteTeam "TJ CHS Chotebor"]
[BlackTeam "Duras Charlie's Street Brno"]
[EventDate "2024.10.20"]

1. d4 Nf6 2. Nf3 d5 3. c4 e6 4. Nc3 Be7 5. Bg5 O-O 6. e3 Nbd7 7. cxd5 exd5 8.
Bd3 Re8 9. Qc2 c6 10. O-O Nf8 11. h3 Ng6 12. Ne5 Qd6 13. f4 Nh5 14. Qf2 f5 15.
g4 fxg4 16. hxg4 Nf6 17. Qg3 Nd7 18. Bxe7 Rxe7 19. Bxg6 hxg6 20. Qh4 Nxe5 21.
fxe5 Qe6 22. Rf4 Bd7 23. Raf1 Ree8 24. Kg2 Rf8 25. Ne2 c5 26. Rh1 Rxf4 27. Nxf4
Qxg4+ 28. Qxg4 Bxg4 29. Nxg6 Kf7 30. Nf4 Bf5 31. Rc1 c4 32. Kg3 Be4 33. Rf1 Ke7
34. Ne2 Bd3 35. Rf2 a6 36. Nf4 Be4 37. Ne2 b5 38. Nc3 Ke6 39. Rf4 b4 40. Na4
Bb1 41. Nc5+ Ke7 42. e6 Bg6 43. Rg4 Kf6 44. Nd7+ Kxe6 45. Nb6 Bf5 46. Rxg7 Rb8
47. Na4 Rc8 48. Nc5+ Kf6 49. Rb7 c3 50. bxc3 bxc3 51. Rb3 c2 52. Rc3 Rh8 53.
Nb3 Rh1 54. Kf2 a5 55. a4 Rb1 0-1

[Event "1. liga V 24/25, Morenda-SM"]
[Site ""]
[Date "2025.02.02"]
[Round "7.1"]
[White "Polak, Tomas"]
[Black "Svanda, Ondrej"]
[Result "1-0"]
[WhiteFideId "300560"]
[BlackFideId "359670"]
[WhiteElo "2463"]
[BlackElo "2383"]
[PlyCount "0"]
[WhiteTeam "Moravska Slavia Brno B"]
[BlackTeam "SK Stare Mesto"]
[EventDate "2024.10.20"]

1. Nf3 d5 2. e3 Nf6 3. c4 e6 4. Nc3 c6 5. d4 Nbd7 6. Qc2 Bd6 7. b3 O-O 8. Be2
b6 9. O-O Bb7 10. Bb2 Qe7 11. Rad1 Rad8 12. Rfe1 Rfe8 13. h3 c5 14. cxd5 exd5
15. Bb5 a6 16. Bxd7 Nxd7 17. dxc5 Nxc5 18. Qf5 Bb8 19. Qg4 Qf8 20. Nd4 Rd6 21.
Nce2 Rg6 22. Qf3 Ne4 23. Nf4 Rf6 24. Nde2 Be5 25. Bxe5 Rxe5 26. h4 h6 27. Ng3
Qe7 28. Rd4 Kh7 29. Qg4 Nxg3 30. Qxg3 Ref5 31. Rc1 a5 32. Nd3 Ba6 33. Nf4 Bb7
34. Qg4 g6 35. Rc2 Bc6 36. Qd1 Rd6 37. h5 Kg7 38. hxg6 fxg6 39. Qc1 Rff6 40.
Qb2 Qf7 41. Rxc6 Rxc6 42. Nxd5 Rxf2 43. Rd2+ Rff6 44. Nxf6 Rxf6 45. Rd8 Qe6 46.
Qd4 g5 47. Rd7+ Kg6 48. g4 1-0